Statistiques concernant Culture Générale - Série 892

Cliquez ici pour prendre le quiz!

Statistiques générales

  • Ce quiz a été pris 53 fois
  • Le résultat moyen est 5 sur 10

Statistiques - réponses

QuestionRéponse% Correct
Quel instrument rotatif, au nom de fruit, trouve-t-on couramment chez le dentiste ?fraise
92%
L'alpiniste Pierre Servettaz est le héros du roman de Roger Frison-Roche intitulé "Premier de...cordée
82%
Quel lézard sans pattes tient son nom de l'ancien français "orb", qui signifie "aveugle" ?orvet
64%
Quel département a pour code postal 47 ?Lot-et-Garonne
60%
Sous quel nom de règne Karol Wojtyla était-il connu ?Jean-Paul II
58%
Sous les officiers généraux, quel grade est le plus élevé de la hiérarchie des officiers supérieurs de l'armée de Terre ?colonel
56%
Quelle était la nationalité d'origine du peintre Marc Chagall ?Russe
48%
Qui a écrit “Le Jeu de l'amour et du hasard” ?Marivaux
46%
Sous quel nom connait-on mieux l'actrice française Anne Bourguignon ?Anémone
24%
Avec Eustache, quel saint a pour attribut un cerf portant une croix entre ses bois ?Hubert
12%

Distribution des résultats

Percentile par nombre de réponses

% des personnes avec chaque résultat

Votre développement - résultats

Vous n’avez pas pris ce quiz